LEADER 00950nam2-2200277 --450 001 9910507589903321 005 20211203163138.0 100 $a20211203g19729999kmuy0itay5050 ba 101 0 $agrc$alat 102 $aDE 105 $a 001yy 200 1 $a<<10.: >>Inscriptiones graecae Epiri, Macedoniae, Thraciae, Scythiae 210 $aBerolini$capud Gualterum de Gruyter et socios$d1972- 215 $avolumi$d39 cm 327 0 $a10.2.1: Inscriptiones Macedoniae. 1, Inscriptiones Thessalonicae et viciniae / edidit Carolus Edson 461 0$10019910507591703321$12001$aInscriptiones graecae$v10 610 0 $aIscrizioni greche 676 $a481.1$v23$zita 702 1$aEdson,$aCharles F. 801 0$aIT$bUNINA$gREICAT$2UNIMARC 901 $aBK 912 $a9910507589903321 952 $a481.7 IG 10(2.1)$b5734$fFLFBC 959 $aFLFBC 996 $aInscriptiones graecae Epiri, Macedoniae, Thraciae, Scythiae$91108566 997 $aUNINA